000 00835nam a22002297a 4500
003 KOHA_MİRAKIL
005 20260416092128.0
008 260416b tu ||||| |||| 00| 0 tur d
020 _a9789755339641
040 _aTR-AnABB
_btur
_cTR-AnABB
041 _atur
082 _a401.41
_bCON 2021
100 1 _aÇongur, Elif
245 1 0 _aYapısalcılık, göstergebilim ve martı /
_cElif Congur
246 _aMartı
260 _aAnkara :
_bİmge Kitabevi,
_c2021
300 _a229 sayfa ;
_c20 cm
505 _aiçindekiler: Yapısalcılığın temelini oluşturan bir kavram olarak dilbilim - Yapısalcılığın oluşumu - Martı adlı oyunda tekrarların yapısalcı yöntem açısından bir gösterge olarak incelemesi
650 0 4 _aYapısal dilbilim
900 _bCan ÇELIK
942 _2ddc
_cBK
999 _c10290
_d10290